Normal view
MARC view
- Marsal, Salvador,
Entry Nombre Personal
001 - NUMERO DE CONTROL
- campo de control: 46546
003 - IDENTIFICADOR DE NUMERO DE CONTROL
- campo de control: UPN
005 - FECHA Y HORA DE LA ÜLTIMA TRANSACCIÓN
- campo de control: 20220920164809.0
008 - DATOS DE LONGITUD FIJA
- campo de control de longitud fija: 220920nn acannaabn n aaa d
040 ## - FUENTE DE CATALOGACIÓN
- Agencia original de catalogación: UPN
100 1# - ENCABEZAMIENTO - NOMBRE PERSONAL
- Nombre personal: Marsal, Salvador,
- Fechas asociadas con el nombre: 1906-1972
400 1# - VEÁSE - NOMBRE DE PERSONA
- Personal name: Marsal i Picas, Salvador,
- Dates associated with a name: 1906-1972
670 ## - FUENTE EN LA QUE SE LOCALIZARON DATOS
- Cita de la fuente: T
- Uniform Resource Identifier: https://negritasycursivas.wordpress.com/tag/salvador-marsal-i-picas/
680 ## - NOTA PUBLICA DE ACCESO PÚBLICO
- Frase explicativa de la referencia: Escritor, traductor literario, corrector y editor español
902 ## - CATALOGADOR
- Catalogador: CAA/200922
